000 00294nam a22001217a 4500
008 150522b xxu||||| |||| 00| 0 eng d
020 _a8131711404
082 _a004.35
100 _aJORDAN, HARRY F.
245 _aFUNDAMENTALS OF PARALLEL PROCESSING
260 _aINDIA
_bPEARSON
_c2003
942 _cBK
999 _c23181
_d23181